<?xml version='1.0' encoding='UTF-8'?>
  <record xmlns="http://www.loc.gov/MARC21/slim">
    <leader>00000cem a2200000 i 4500</leader>
    <controlfield tag="001">ocn920126955</controlfield>
    <controlfield tag="003">OCoLC</controlfield>
    <controlfield tag="005">20250624032943.3</controlfield>
    <controlfield tag="008">150904q18651932ne        b     1   dut d</controlfield>
    <datafield tag="040" ind1=" " ind2=" ">
      <subfield code="a">NLGGC</subfield>
      <subfield code="b">dut</subfield>
      <subfield code="e">fobidrtb</subfield>
      <subfield code="c">NLGGC</subfield>
      <subfield code="d">QGJ</subfield>
      <subfield code="d">OCLCL</subfield>
      <subfield code="d">QGJ</subfield>
      <subfield code="d">OCLCO</subfield>
      <subfield code="d">QGJ</subfield>
      <subfield code="d">OCLCQ</subfield>
    </datafield>
    <datafield tag="034" ind1="1" ind2=" ">
      <subfield code="a">a</subfield>
      <subfield code="b">50000</subfield>
    </datafield>
    <datafield tag="035" ind1=" " ind2=" ">
      <subfield code="a">(OCoLC)920126955</subfield>
    </datafield>
    <datafield tag="245" ind1="0" ind2="0">
      <subfield code="a">Waterstaatskaart van Nederland :</subfield>
      <subfield code="b">op de schaal van 1:50.000 /</subfield>
      <subfield code="c">vervaardigd op last van Zijne Excellentie den Minister van Binnenlandsche Zaken Thorbecke, onder toezigt van den Inspecteur van den Waterstaat in algemeene dienst J.F.W. Conrad en den Luitenant-Kolonel van den Generalen Staf J.A. Besier.</subfield>
    </datafield>
    <datafield tag="246" ind1="3" ind2=" ">
      <subfield code="a">Waterstaatskaart van Nederland [1865-1932]</subfield>
    </datafield>
    <datafield tag="250" ind1=" " ind2=" ">
      <subfield code="a">1e editie.</subfield>
    </datafield>
    <datafield tag="255" ind1=" " ind2=" ">
      <subfield code="a">Schaal 1:50.000.</subfield>
    </datafield>
    <datafield tag="260" ind1=" " ind2=" ">
      <subfield code="a">'s-Gravenhage :</subfield>
      <subfield code="b">Departement van Waterstaat, Handel en Nijverheid,</subfield>
      <subfield code="c">[ca. 1865-1932]</subfield>
    </datafield>
    <datafield tag="300" ind1=" " ind2=" ">
      <subfield code="a">1 krt.ser. in 183 bl. (nr. 1-62):</subfield>
      <subfield code="b">in kleur ;</subfield>
      <subfield code="c">26 x 42 cm, op bl. 56 x 69 cm</subfield>
    </datafield>
    <datafield tag="336" ind1=" " ind2=" ">
      <subfield code="a">cartografische afbeelding</subfield>
      <subfield code="b">cri</subfield>
      <subfield code="2">rdacontent/dut</subfield>
    </datafield>
    <datafield tag="337" ind1=" " ind2=" ">
      <subfield code="a">zonder medium</subfield>
      <subfield code="b">n</subfield>
      <subfield code="2">rdamedia/dut</subfield>
    </datafield>
    <datafield tag="338" ind1=" " ind2=" ">
      <subfield code="a">vel</subfield>
      <subfield code="b">nb</subfield>
      <subfield code="2">rdacarrier/dut</subfield>
    </datafield>
    <datafield tag="500" ind1=" " ind2=" ">
      <subfield code="a">Losse kaarten als topografische kaartindeling. Indeling in afwateringseenheden en geeft watervoorziening.</subfield>
    </datafield>
    <datafield tag="500" ind1=" " ind2=" ">
      <subfield code="a">Deze serie is waarschijnlijk oorspronkelijk uitgegeven door het Ministerie van Binnenlandsche Zaken, later door het Departement van Waterstaat, Handel en Nijverheid.</subfield>
    </datafield>
    <datafield tag="500" ind1=" " ind2=" ">
      <subfield code="a">Conrad en Besier zijn waarschijnlijk alleen auteurs van de kaarten, uitgegeven door het Ministerie van Binnenlandsche Zaken.</subfield>
    </datafield>
    <datafield tag="500" ind1=" " ind2=" ">
      <subfield code="a">Vermelding verantwoordelijke instantie varieert.</subfield>
    </datafield>
    <datafield tag="500" ind1=" " ind2=" ">
      <subfield code="a">Impressum varieert.</subfield>
    </datafield>
    <datafield tag="500" ind1=" " ind2=" ">
      <subfield code="a">Met uitgebreide legenda en randinformatie op kaartblad.</subfield>
    </datafield>
    <datafield tag="500" ind1=" " ind2=" ">
      <subfield code="a">Editie 1865-1875 door de Topographische Inrigting?; editie 1875-1885 door het Topografisch Bureau; editie 1885-1916 door de Topographische Inrichting; vanaf 1929 door de Topographische Dienst.</subfield>
    </datafield>
    <datafield tag="500" ind1=" " ind2=" ">
      <subfield code="a">Bijlage: Bladwijzer der waterstaatskaart van het Koninkrijk der Nederlanden, 1919.</subfield>
    </datafield>
    <datafield tag="500" ind1=" " ind2=" ">
      <subfield code="a">Basis: Topographische en militaire kaart des Rijks van het Topographisch Bureau van het Ministerie van Oorlog.</subfield>
    </datafield>
    <datafield tag="581" ind1=" " ind2=" ">
      <subfield code="a">Zie: 'Aanteekeningen omtrent de geschiedenis en de inrichting der Waterstaatskaart van Nederland op de schaal 1 à 50.000', [1892]; Blauw, Maili, 'Waterstaat in kaart : geschiedenis van de Waterstaatskaart van Nederland 1865-1992', 2003; Linden, J.A. van der, 'Topographische en militaire kaart van het Koningrijk der Nederlanden', 1973 (over het ontstaan van de Topografische kaart 1:50.000); Kleij, J. van der, 'Het ontstaan en de geschiedenis, de functie en de betekenis van de Waterstaatskaart en de kartografische aspecten ervan', in: 'Tijdschrift van het Koninklijk Nederlandsch Aardrijkskundig Genootschap' 82 (1965) 4, p. 409-429.</subfield>
    </datafield>
    <datafield tag="650" ind1=" " ind2="0">
      <subfield code="a">Hydraulic engineering</subfield>
      <subfield code="z">Netherlands</subfield>
      <subfield code="v">Maps.</subfield>
    </datafield>
    <datafield tag="650" ind1=" " ind2="0">
      <subfield code="a">Reclamation of land</subfield>
      <subfield code="z">Netherlands</subfield>
      <subfield code="v">Maps.</subfield>
    </datafield>
    <datafield tag="650" ind1=" " ind2="0">
      <subfield code="a">Drainage</subfield>
      <subfield code="z">Netherlands</subfield>
      <subfield code="v">Maps.</subfield>
    </datafield>
    <datafield tag="650" ind1=" " ind2="7">
      <subfield code="a">Drainage</subfield>
      <subfield code="2">fast</subfield>
    </datafield>
    <datafield tag="650" ind1=" " ind2="7">
      <subfield code="a">Hydraulic engineering</subfield>
      <subfield code="2">fast</subfield>
    </datafield>
    <datafield tag="650" ind1=" " ind2="7">
      <subfield code="a">Reclamation of land</subfield>
      <subfield code="2">fast</subfield>
    </datafield>
    <datafield tag="651" ind1=" " ind2="7">
      <subfield code="a">Netherlands</subfield>
      <subfield code="2">fast</subfield>
      <subfield code="1">https://id.oclc.org/worldcat/entity/E39PBJk4D96j3YTHJQfHCV3vpP</subfield>
    </datafield>
    <datafield tag="655" ind1=" " ind2="7">
      <subfield code="a">Maps</subfield>
      <subfield code="2">fast</subfield>
    </datafield>
    <datafield tag="700" ind1="1" ind2=" ">
      <subfield code="a">Besier, J.A.</subfield>
    </datafield>
    <datafield tag="700" ind1="1" ind2=" ">
      <subfield code="a">Conrad, J.F.W.</subfield>
      <subfield code="q">(Jan Frederik Willem),</subfield>
      <subfield code="d">1825-1902</subfield>
      <subfield code="1">https://id.oclc.org/worldcat/entity/E39PBJvhkgtQkvpcW8YcJmhCQq</subfield>
    </datafield>
    <datafield tag="700" ind1="1" ind2=" ">
      <subfield code="a">Thorbecke, J.R.</subfield>
      <subfield code="q">(Johan Rudolf),</subfield>
      <subfield code="d">1798-1872</subfield>
      <subfield code="1">https://id.oclc.org/worldcat/entity/E39PBJymy689FvC4KxYkFrkYyd</subfield>
    </datafield>
    <datafield tag="710" ind1="2" ind2=" ">
      <subfield code="a">Nederland.</subfield>
      <subfield code="b">Departement van Binnenlandsche Zaken.</subfield>
    </datafield>
    <datafield tag="710" ind1="2" ind2=" ">
      <subfield code="a">Nederland.</subfield>
      <subfield code="b">Departement van Waterstaat, Handel en Nijverheid.</subfield>
    </datafield>
    <datafield tag="710" ind1="2" ind2=" ">
      <subfield code="a">Nederland.</subfield>
      <subfield code="b">Rijkswaterstaat.</subfield>
      <subfield code="b">Algemeene Dienst.</subfield>
    </datafield>
    <datafield tag="758" ind1=" " ind2=" ">
      <subfield code="a">Waterstaatskaart van Nederland (CartographicMaterial)</subfield>
      <subfield code="1">https://id.oclc.org/worldcat/entity/E39PD3Bcb9y3JVHVR7KpwBbdjP</subfield>
      <subfield code="4">https://id.oclc.org/worldcat/ontology/hasWork</subfield>
    </datafield>
    <datafield tag="785" ind1="0" ind2="0">
      <subfield code="t">Waterstaatskaart van Nederland. 2e editie [ca. 1933-1953]</subfield>
    </datafield>
    <datafield tag="936" ind1=" " ind2=" ">
      <subfield code="a">BATCHLOAD</subfield>
    </datafield>
  </record>